| 000 | 00409nam a2200145Ia 4500 | ||
|---|---|---|---|
| 008 | 231129s2003||||xx |||||||||||||| ||spa|| | ||
| 020 | _a958-698-118-5 | ||
| 040 | _bspa | ||
| 082 | _a371.3 V297m | ||
| 100 | _aVargas de Avella Martha | ||
| 245 | 0 | _aMateriales educativos:procesos y resultados | |
| 260 | _c2003 | ||
| 264 | _aConvenio Andrés Bello | ||
| 942 |
_2ddc _cBKS |
||
| 999 |
_c20789 _d20789 |
||